Harry Potter Sample Platter Quiz Stats

 Plays Quiz not verified by Sporcle

Support Sporcle.
Go Orange.
Score 0/15 Timer 05:00
1 Play Today
Question Answer % Correct
Qudditch is a popular sport in the Harry Potter world, with Harry being skilled at playing this position.Seeker
97.6%
Harry and his friends often enjoyed this slightly alcoholic wizard beverage.Butterbeer
86.1%
The Harry Potter books take place in this decade.1990s
82%
The first book of the most popular book series in the world was first released in this year.1997
81.9%
This Hogwarts subject was described as a 'subtle science and exact art'.Potions
76.3%
Slytherin flew banners of these colors.Green and Silver
74.7%
Many fans celebrate this date as Harry Potter's birthday.July 31
66.8%
Many well known actors portrayed Harry Potter characters, particularly this man, previously known for playing Hans Gruber and the Sheriff of Nottingham.Alan Rickman
62.4%
Question Answer % Correct
The music of the first three Harry Potter films was made by this legendary composer.John Williams
58.8%
Harry Potter was sometimes portrayed by Rachel Dratch in this sketch comedy show.Saturday Night Live
58.4%
The series largely takes place in the UK, but Voldemort regularly flees to this country.Albania
58.3%
After many directors came and went, the latter half of the Harry Potter movies were directed by this man.David Yates
54.1%
Harry Potter borrows extensively from mythology, including Fluffy, who is based on this character.Cerberus
53.9%
The books have been translated into numerous languages, including this one, on which one can read Harry Potter và Hòn Đá Phù Thủy.Vietnamese
49%
A game was released for every movie, but this quidditch based game was also made.Harry Potter: Quidditch World Cup
26.6%

You're not logged in!

Compare scores with friends on all Sporcle quizzes.
OR
Log In

From the Vault

Most Visited Cities in Africa

by France

We hope this quiz is about visits by people and not by elephants or something. That would be awkward.
Remove Ads.
Support Sporcle.
Get the best of Sporcle when you Go Orange. This ad-free experience offers more features, more stats, and more fun while also helping to support Sporcle. Thank you for becoming a member.

Show Comments

Extras

Top Quizzes Today


Score Distribution

Your Account Isn't Verified!

In order to create a playlist on Sporcle, you need to verify the email address you used during registration. Go to your Sporcle Settings to finish the process.

Report this User

Report this user for behavior that violates our Community Guidelines.

Details: